Провинциите и териториите в Канада - Statistics

General Stats
  • This quiz has been taken 22 times
  • The average score is 7 of 13
Answers on the Map
Answers color-coded by a green-red scale on the quiz's map according to % correct below.
 
Answer Stats
Province / Territory % Correct
Квебек
78%
Британска Колумбия
67%
Онтарио
67%
Нунавут
67%
Северозападни територии
67%
Юкон
67%
Алберта
44%
Манитоба
44%
Нова Скотия
44%
Нюфаундланд и Лабрадор
33%
Остров Принц Едуард
33%
Ню Брънзуик
22%
Съскачиуан
22%
No matching quizzes found
Score Distribution
Percent of People with Each Score
Percentile by Number Answered
Your Score History
You have not taken this quiz